<?xml version="1.0" encoding="UTF-8"?>
<record
    xmlns:xsi="http://www.w3.org/2001/XMLSchema-instance"
    xsi:schemaLocation="http://www.loc.gov/MARC21/slim http://www.loc.gov/standards/marcxml/schema/MARC21slim.xsd"
    xmlns="http://www.loc.gov/MARC21/slim">

  <leader>02194nam a22002297a 4500</leader>
  <controlfield tag="003">OSt</controlfield>
  <controlfield tag="005">20220324100040.0</controlfield>
  <controlfield tag="008">220324s2010    ck a|cogr|||| 00| 0bspa d</controlfield>
  <datafield tag="040" ind1=" " ind2=" ">
    <subfield code="a">CO-JMCR</subfield>
    <subfield code="c">CO-JMCR</subfield>
  </datafield>
  <datafield tag="041" ind1="0" ind2=" ">
    <subfield code="a">spa</subfield>
  </datafield>
  <datafield tag="082" ind1="0" ind2="4">
    <subfield code="a">301.092 / </subfield>
    <subfield code="b">S572t</subfield>
    <subfield code="2">23</subfield>
  </datafield>
  <datafield tag="100" ind1="1" ind2=" ">
    <subfield code="a">Sierra Montoya, Jorge Emilio</subfield>
    <subfield code="e">autor</subfield>
    <subfield code="9">11034</subfield>
  </datafield>
  <datafield tag="245" ind1="1" ind2="0">
    <subfield code="a">Tras las huellas de Edgar Morin / </subfield>
    <subfield code="c">Jorge Emilio Sierra Montoya</subfield>
  </datafield>
  <datafield tag="250" ind1=" " ind2=" ">
    <subfield code="a">Primera edici&#xF3;n</subfield>
  </datafield>
  <datafield tag="260" ind1=" " ind2=" ">
    <subfield code="a">Bogot&#xE1; : </subfield>
    <subfield code="b">Ascun, </subfield>
    <subfield code="c">2010</subfield>
  </datafield>
  <datafield tag="300" ind1=" " ind2=" ">
    <subfield code="a">143 p&#xE1;ginas : </subfield>
    <subfield code="b">ilustraciones, retratos y fotograf&#xED;as a blanco y negro ; </subfield>
    <subfield code="c">23 cm.</subfield>
  </datafield>
  <datafield tag="505" ind1=" " ind2=" ">
    <subfield code="a">los primeros pasos. -- La educaci&#xF3;n del futuro. -- Del conversatorio a la cueva. -- Morin, el caminante. -- En la fundaci&#xF3;n Santillana. -- El eterno retorno.</subfield>
  </datafield>
  <datafield tag="520" ind1="0" ind2=" ">
    <subfield code="a">En septiembre de 2009, Edgar Morin, padre del pensamiento complejo y uno de los m&#xE1;s importantes pensadores del &#xFA;ltimo siglo en el mundo, visit&#xF3; a Colombia, donde particip&#xF3; en varias actividades acad&#xE9;micas, especialmente en centros universitarios de Barranquilla, Cartagena, Medell&#xED;n y Bogot&#xE1;, que le rindieron sentidos homenajes a su vida y obra.
Este libro sigue paso a paso ese recorrido, a la manera de una cr&#xF3;nica o relato hist&#xF3;rico, con cierto aire novelesco, literario, a que a nos tiene acostumbrados su autor, Jorge Emilio Sierra Montoya, desde las semblanzas que hiciera, con mano de artista, sobre Jaime San&#xED;n Echeverri, Jaime Posada, &#xD3;mar Rayo y Jos&#xE9; Consuegra Higgins, dentro de la colecci&#xF3;n que ha venido escribiendo para la Asociaci&#xF3;n Colombiana de Universidades -Ascun-.
En un lenguaje sencillo y ameno, comprensible para el p&#xFA;blico universitario y, sobre todo, para los estudiantes, se abordan incluso los temas m&#xE1;s densos, como los de car&#xE1;cter filos&#xF3;fico, en la obra de Morin, sin perder el debido rigor acad&#xE9;mico. Se alcanza as&#xED; el prop&#xF3;sito de divulgar, en forma did&#xE1;ctica, lo esencial del pensamiento complejo, el cual resulta indispensable para entender la complejidad de la sociedad contempor&#xE1;nea y contribuir a resolver sus principales problemas, convirti&#xE9;ndonos en mejores seres humanos.</subfield>
  </datafield>
  <datafield tag="650" ind1="1" ind2="4">
    <subfield code="2">Pensamiento</subfield>
  </datafield>
  <datafield tag="650" ind1="2" ind2="4">
    <subfield code="2">Filosof&#xED;a francesa</subfield>
    <subfield code="y">Siglo XXI</subfield>
    <subfield code="9">41994</subfield>
  </datafield>
  <datafield tag="942" ind1=" " ind2=" ">
    <subfield code="2">ddc</subfield>
    <subfield code="c">BK</subfield>
  </datafield>
  <datafield tag="999" ind1=" " ind2=" ">
    <subfield code="c">15847</subfield>
    <subfield code="d">15847</subfield>
  </datafield>
  <datafield tag="952" ind1=" " ind2=" ">
    <subfield code="0">0</subfield>
    <subfield code="1">0</subfield>
    <subfield code="2">ddc</subfield>
    <subfield code="4">0</subfield>
    <subfield code="7">0</subfield>
    <subfield code="a">CPL</subfield>
    <subfield code="b">CPL</subfield>
    <subfield code="c">PROC</subfield>
    <subfield code="d">2022-02-23</subfield>
    <subfield code="e">Donaci&#xF3;n</subfield>
    <subfield code="l">0</subfield>
    <subfield code="o">301.092 / S572t</subfield>
    <subfield code="p">201811134</subfield>
    <subfield code="r">2024-05-16 00:00:00</subfield>
    <subfield code="t">Ej.1</subfield>
    <subfield code="w">2022-03-24</subfield>
    <subfield code="y">BK</subfield>
  </datafield>
</record>
